|
|
|
|
| LEADER |
00000nam a22000007a 4500 |
| 005 |
20210616213133.0 |
| 007 |
cr|||| |||| |
| 008 |
210616s2016 br |||||s|||| 00||0 por d |
| 020 |
|
|
|a 978-85-8310-061-4
|
| 035 |
|
|
|a 33643
|
| 040 |
|
|
|a vLex
|
| 090 |
|
|
|c 11783
|d 11783
|
| 100 |
1 |
|
|a Morais da Rocha, Eduardo
|
| 245 |
1 |
0 |
|a Teoria institucional da praticabilidade tributr̀ia
|h [Recurso electrn̤ico] /
|c Eduardo Morais da Rocha
|
| 256 |
|
|
|a Servicio en ln̕ea
|
| 260 |
|
|
|a San Pablo:
|b Editora Noeses,
|c 2016
|
| 300 |
|
|
|a 1 recurso electrn̤ico
|
| 506 |
1 |
|
|a Disponible solo en los productos indicados
|d vLex Global
|d vLex Global (Academic Edition, excluding Law Schools)
|d vLex Global (U.S. Academic Edition, Law Schools)
|d vLex Global (U.S. Academic Edition, excluding Law Schools)
|d vLex Global (Academic Edition, Law Schools)
|
| 650 |
0 |
4 |
|a Derecho Fiscal
|z Brasil
|
| 740 |
0 |
|
|a vLex Libros (Servicio en ln̕ea)
|
| 856 |
4 |
0 |
|u https://vlex.com/source/teoria-institucional-praticabilidade-tributaria-33643
|z Acceso restringido
|
| 942 |
|
|
|c BOOK
|
| 999 |
0 |
|
|a Tax Law
|